| 000 | 00533nam a2200241Ia 4500 | ||
|---|---|---|---|
| 008 | 210210b1931 xxu||||| |||| 00| 0 eng d | ||
| 041 | _aeng | ||
| 082 | _a335/378 | ||
| 100 | _a- | ||
| 245 | _aReport of the royal commission on labour in India | ||
| 260 |
_aCalcutta _bGovt of India _c1931 |
||
| 650 | _athe | ||
| 650 | _aroyal | ||
| 650 | _aReport | ||
| 650 | _aon | ||
| 650 | _aof | ||
| 650 | _alabour | ||
| 650 | _aIndia | ||
| 650 | _ain | ||
| 650 | _acommission | ||
| 690 | _aIndian Economics | ||
| 906 | _a004720 | ||
| 999 |
_c127739 _d127739 |
||